Les 100 français les + recherchés sur Wikipedia - Statistiques

Statistiques générales
  • Ce quiz a été pris 331 fois
  • Le résultat moyen est 15 sur 50
Statistiques - réponses
Numéro Occupation Réponse % Correct
9 Politicien Macron
97%
32 Professeure Macron
97%
2 Footballeur Mbappe
96%
1 Empereur Napoléon
95%
5 Footballeur Zidane
86%
8 Roi Louis XIV
72%
26 Politicien De Gaulle
69%
17 Roi Louis XV
65%
18 Footballeur Griezmann
64%
14 Roi Louis XVI
55%
27 Ecrivain Hugo
46%
15 Homme d'affaires Arnault
44%
10 Footballeur Benzema
41%
47 Footballeur Pogba
41%
24 Footballeur Giroud
38%
21 Footballeur Henry
33%
19 Acteur Depardieu
30%
33 Créatrice de mode Chanel
28%
35 Footballeur Dembélé
28%
29 Politicien Bardella
27%
36 Peintre Monet
27%
39 Acteur Sy
26%
11 Acteur Delon
25%
41 Chanteuse Piaf
22%
43 Actrice Deneuve
20%
37 Ecrivain Voltaire
20%
12 Actrice Bardot
19%
40 Acteur De Funès
19%
30 Philosophe Descartes
18%
4 Homme d'affaires Tapie
15%
42 Politicien Robespierre
13%
48 Actrice Exarchopoulos
12%
50 Actrice Seydoux
10%
16 Militaire Jeanne d'arc
9%
38 Acteur Cassel
8%
3 Politicien Atal
7%
45 Politicien Darmanin
7%
44 Ecrivain Verne
7%
23 Politicien Napoleon II
6%
13 Favorite du Barry
5%
20 Politicien Napoleon III
5%
25 Réalisateur Polanski
5%
46 Politicien Badinter
3%
28 Actrice Green
3%
22 Basketteur Wembenyama
3%
6 Actrice Watson
2%
31 Actrice Mackey
1%
49 Footballeur Aubameyang
0%
34 Actrice Godrèche
0%
7 Politicien Séjourné
0%
Aucun quiz correspondant
Distribution des résultats
% des personnes avec chaque résultat
Percentile par nombre de réponses
Votre historique - résultats
Vous n’avez pas pris ce quiz